00580 a2200205 45000010006000000050017000060080041000230030015000640400040000790800055001192450045001742640034002193000019002530410008002721000028002807000024003087000020003326500010003526500012003626358420260407155934.0260407a1977 arg spa dAR-UNSa-BCEJYS aAR-UNSa-BCEJYSbspacAR-UNSa-BCEJYS a004.43xLenguajes de programación de ordenadores10aCobol y sus aplicaciones en los negocios 1aMéxico :bMcGraw-Hillc1977 a358 p.c23 cm. aspa1 aPhilippakis, Andreas S.1 aKazmier, Leonard J.1 aTorres, Vicente aCOBOL a cobol